Detalles MARC
| 000 -CABECERA |
| campo de control de longitud fija |
02046nam a2200325 i 4500 |
| 003 - IDENTIFICADOR DEL NÚMERO DE CONTROL |
| campo de control |
DO-SdBNP |
| 005 - FECHA Y HORA DE LA ÚLTIMA TRANSACCIÓN |
| campo de control |
20260224132627.0 |
| 007 - CAMPO FIJO DE DESCRIPCIÓN FÍSICA--INFORMACIÓN GENERAL |
| campo de control de longitud fija |
ta |
| 008 - DATOS DE LONGITUD FIJA--INFORMACIÓN GENERAL |
| campo de control de longitud fija |
260224e2025 dr fr|p|r||||||0| | spa d |
| 022 ## - NÚMERO INTERNACIONAL NORMALIZADO PARA PUBLICACIONES SERIADAS |
| Número Internacional Normalizado para Publicaciones Seriadas |
3117-2628 |
| 022 ## - NÚMERO INTERNACIONAL NORMALIZADO PARA PUBLICACIONES SERIADAS |
| Número Internacional Normalizado para Publicaciones Seriadas |
-e: 3117-2636 |
| 040 ## - FUENTE DE LA CATALOGACIÓN |
| Centro catalogador/agencia de origen |
DO-SdBNP |
| Lengua de catalogación |
spa |
| Centro/agencia transcriptor |
BNPHU |
| Normas de descripción |
rda |
| 041 ## - CÓDIGO DE LENGUA |
| Código de lengua del texto/banda sonora o título independiente |
spa |
| 110 ## - ENTRADA PRINCIPAL--NOMBRE DE ENTIDAD CORPORATIVA |
| Nombre de entidad corporativa o nombre de jurisdicción como elemento de entrada |
Sociedad Dominicana de Urología (SDU) |
| 9 (RLIN) |
89079 |
| 222 ## - TÍTULO CLAVE |
| Título clave |
Revista Científica |
| 245 ## - MENCIÓN DE TÍTULO |
| Título |
Revista Científica de la Sociedad Dominicana de Urología (SDU). |
| 264 ## - PRODUCCIÓN, PUBLICACIÓN, DISTRIBUCIÓN, FABRICACIÓN Y COPYRIGHT |
| Producción, publicación, distribución, fabricación y copyright |
Santo Domingo, República Dominicana : |
| Nombre del de productor, editor, distribuidor, fabricante |
Sociedad Dominicana de Urología (SDU), |
| Fecha de producción, publicación, distribución, fabricación o copyright |
2025. |
| 300 ## - DESCRIPCIÓN FÍSICA |
| Extensión |
volumen : |
| Otras características físicas |
ilustraciones, fotografías, gráficas ; |
| Dimensiones |
27 cm. |
| 310 ## - PERIODICIDAD ACTUAL |
| Periodicidad actual |
Semestral. |
| 336 ## - TIPO DE CONTENIDO |
| Término de tipo de contenido |
texto |
| Código de tipo de contenido |
txt |
| Fuente |
rdacontent |
| 337 ## - TIPO DE MEDIO |
| Nombre/término del tipo de medio |
sin mediación |
| Código del tipo de medio |
n |
| Fuente |
rdamedia |
| 338 ## - TIPO DE SOPORTE |
| Nombre/término del tipo de soporte |
volumen |
| Código del tipo de soporte |
nc |
| Fuente |
rdacarrier |
| 362 ## - FECHAS DE PUBLICACIÓN Y/O DESIGNACIÓN SECUENCIAL |
| Fecha de publicación y/o designación secuencial |
Volumen 1. Número 1, julio-diciembre 2025. |
| 500 ## - NOTA GENERAL |
| Nota general |
Catalogación basada en el: Volumen 1. Número 1, julio-diciembre 2025. |
| 520 ## - SUMARIO, ETC. |
| Sumario, etc. |
La Revista Científica de la Sociedad Dominicana de Urología (SDU) es una publicación oficial de investigación científica en urología, lanzada en 2025. Esta revista, de acceso abierto y revisada por pares, tiene como objetivo compartir conocimiento científico con la comunidad urológica nacional e internacional. La primera edición incluye trabajos sobre técnicas de nefroureterectomía radical, análisis de cálculos renales, trasplante renal y casos poco frecuentes como carcinoma de células escamosas de riñón o metástasis penianas derivadas de cáncer de próstata. La SDU invita a urólogos, residentes y profesionales de la salud a preparar sus manuscritos para futuras ediciones, contribuyendo al progreso médico en República Dominicana y la región. |
| 650 #0 - PUNTO DE ACCESO ADICIONAL DE MATERIA--TÉRMINO DE MATERIA |
| Término de materia o nombre geográfico como elemento de entrada |
Urología |
| Subdivisión de forma |
Publicaciones periódicas |
| Subdivisión geográfica |
República Dominicana |
| 9 (RLIN) |
89080 |
| 650 #0 - PUNTO DE ACCESO ADICIONAL DE MATERIA--TÉRMINO DE MATERIA |
| Término de materia o nombre geográfico como elemento de entrada |
Cáncer de próstata |
| Subdivisión de forma |
Publicaciones periódicas |
| Subdivisión geográfica |
República Dominicana |
| 9 (RLIN) |
89081 |
| 650 #0 - PUNTO DE ACCESO ADICIONAL DE MATERIA--TÉRMINO DE MATERIA |
| Término de materia o nombre geográfico como elemento de entrada |
Enfermedades renales |
| Subdivisión de forma |
Publicaciones periódicas |
| Subdivisión geográfica |
República Dominicana |
| 9 (RLIN) |
18208 |
| 942 ## - ELEMENTOS DE PUNTO DE ACCESO ADICIONAL (KOHA) |
| Fuente del sistema de clasificación o colocación |
Dewey Decimal Classification |
| Tipo de ítem Koha |
Publicación periódica |